Los mundos de J.R.R. Tolkien : los lugares que inspiraron al escritor /
Сохранить в:
| Главный автор: | |
|---|---|
| Формат: | |
| Язык: | испанский |
| Опубликовано: |
Barcelona, España :
Minotauro,
2020, c2020
|
| Предметы: | |
| Метки: |
Нет меток, Требуется 1-ая метка записи!
|
MARC
| LEADER | 00000nam^a2200000^a^4500 | ||
|---|---|---|---|
| 001 | 000579181 | ||
| 005 | 20250521000000.0 | ||
| 009 | 20260310132524.158 | ||
| 020 | |a 978-84-450-0900-0 | ||
| 037 | |a Acervo ITESO - Biblioteca | ||
| 041 | |a ESP | ||
| 082 | |a 820. 942082 |b GAR | ||
| 100 | |a Garth, John |e (autor) | ||
| 245 | 1 | 4 | |a Los mundos de J.R.R. Tolkien : |b los lugares que inspiraron al escritor / |c J. Garth ; tr. por Martin Simonson. |
| 264 | 4 | |a Barcelona, España : |b Minotauro, |c 2020, c2020 | |
| 300 | |a 208 p. | ||
| 336 | |a texto |b txt |2 rdacontenido | ||
| 337 | |a sin mediación |b n |2 rdamedio | ||
| 338 | |a volumen |b nc |2 rdasoporte | ||
| 500 | |a Traducción de: The Worlds of J.R.R. Tolkien: The Places that Inspired Middle-Earth | ||
| 521 | |a FIL 2023 DIA | ||
| 545 | 0 | |a Nacido en Bloemfontein, Sudáfrica en 1892 y fallecido en 1973 en Bournemouth, Inglaterra, J.R.R. Tolkien es uno de los autores más leídos de la literatura mundial del siglo XX. Autor de importantes obras filológicas sobre las leyendas medievales sajonas y célticas, Tolkien se ha inspirado en temas y referentes de la literatura fantástica medieval para crear una saga de cuatro narraciones: El hobitt (1937) y la trilogía de El señor de los anillos (1954-1955). Los numerosos lectores de estas obras las han vuelto un fenómeno sociológico de indiscutible interés, pero los críticos destacan que por encima de este éxito de ventas, el escritor inglés es creador de una narrativa compleja y de rica inventiva. | |
| 649 | |a XX | ||
| 650 | |a Escritores Ingleses | ||
| 650 | |a Inspiración (Arte) - |x Tema Principal | ||
| 650 | |a Lugares Mitológicos e Imaginarios en la Literatura - |z Inglaterra - |x Historia y Crítica - |x Tema Principal | ||
| 650 | |a Novela Fantástica - |z Inglaterra - |x Historia y Crítica | ||
| 650 | |a Novela Inglesa - |x Historia y Crítica | ||
| 650 | |a Sagas Modernas - |z Inglaterra - |x Historia y Crítica | ||
| 650 | |a Literatura Fantástica - |z Inglaterra - |x Historia y Crítica | ||
| 650 | |a Literatura Inglesa - |x Historia y Crítica | ||
| 650 | |a Literatura Inglesa - |y Siglo XX | ||
| 650 | |a Tolkien, J.R.R. - |x Tema Principal | ||
| 910 | |a Fondo General | ||
| 920 | |a Impresos - Libros | ||
| 930 | |a Reserva Especial | ||
| 940 | |a Literatura | ||
| 905 | |a 103 | ||
| 901 | |a 0500408606 |b IT1 |c REE |i C184207 |u 20250521 | ||
| 902 | |a https://opac.biblio.iteso.mx/vufind/Record/000579181 | ||